[Event "Sao Paulo Karman Cup"]
[Site "Sao Paulo"]
[Date "2019.08.17"]
[Round "4"]
[White "Albertini, Caetano"]
[Black "De Freitas, Fabio Ruiz"]
[Result "0-1"]
[WhiteElo "1613"]
[BlackElo "1596"]
[PlyCount "76"]
[EventDate "2019.08.16"]
[EventType "swiss"]
[EventRounds "6"]
[EventCountry "BRA"]
[SourceTitle "EXT 2021"]
[Source "ChessBase"]
[SourceDate "2020.10.23"]
[SourceVersion "1"]
[SourceVersionDate "2020.10.23"]
[SourceQuality "1"]

1. e4 c5 2. Nc3 Nc6 3. f4 g6 4. Nf3 Bg7 5. Bb5 Nd4 6. d3 Nf6 7. 0-0 0-0 8. Nxd4 cxd4 9. Ne2 d6 10. Bc4 a5 11. a4 Nd7 12. h3 Nc5 13. Ng3 Be6 14. b3 d5 15. Bxd5 Bxd5 16. exd5 Qxd5 17. Qf3 Qxf3 18. Rxf3 Na6 19. Ba3 Rfc8 20. Rc1 Rc7 21. Kf1 Rac8 22. Rf2 Nb4 23. Bxb4 axb4 24. Ke1 e5 25. Ne4 Rc6 26. Kd1 exf4 27. Nd2 Bh6 28. Nc4 f3 29. Ra1 Re6 30. gxf3 Rce8 31. Rf1 Bg5 32. a5 Re2 33. f4 Bxf4 34. a6 b5 35. a7 bxc4 36. a8Q Rd2+ 37. Kc1 Rf2+ 38. Kb2 c3+ 0-1

[Event "Sao Paulo STD Gansl op"]
[Site "Sao Paulo"]
[Date "2019.05.25"]
[Round "3"]
[White "Albertini, Caetano"]
[Black "Viertler, Sabrina Camargo"]
[Result "1-0"]
[WhiteElo "1630"]
[BlackElo "1364"]
[PlyCount "51"]
[EventDate "2019.05.24"]
[EventType "swiss"]
[EventRounds "6"]
[EventCountry "BRA"]
[SourceTitle "CBM 190 Extra"]
[Source "ChessBase"]
[SourceDate "2019.07.15"]
[SourceVersion "1"]
[SourceVersionDate "2019.07.15"]
[SourceQuality "1"]

1. e4 e6 2. Nf3 d5 3. Nc3 d4 4. Ne2 c5 5. c3 Nc6 6. cxd4 cxd4 7. Qa4 Bc5 8. b4 Bxb4 9. Nexd4 Qd6 10. Nxc6 bxc6 11. a3 Bc5 12. Bb2 f6 13. Bc4 Bd7 14. 0-0 Bb6 15. Rac1 Nh6 16. e5 Qe7 17. exf6 gxf6 18. Qb3 Rb8 19. Qc3 e5 20. d4 Nf7 21. Rfe1 0-0 22. dxe5 Be8 23. exf6 Qc7 24. Re7 Qd6 25. Rce1 Qf4 26. Bc1 1-0

[Event "Sao Paulo STD Gansl op"]
[Site "Sao Paulo"]
[Date "2019.05.24"]
[Round "1"]
[White "Albertini, Caetano"]
[Black "Barberi, Catarina"]
[Result "1-0"]
[WhiteElo "1630"]
[BlackElo "1201"]
[PlyCount "119"]
[EventDate "2019.05.24"]
[EventType "swiss"]
[EventRounds "6"]
[EventCountry "BRA"]
[SourceTitle "CBM 190 Extra"]
[Source "ChessBase"]
[SourceDate "2019.07.15"]
[SourceVersion "1"]
[SourceVersionDate "2019.07.15"]
[SourceQuality "1"]

1. e4 e6 2. Nf3 d5 3. Nc3 Nf6 4. e5 Nfd7 5. d4 c5 6. dxc5 Bxc5 7. Bd3 Nc6 8. Bf4 a6 9. 0-0 0-0 10. Bxh7+ Kh8 11. Bd3 f6 12. Nh4 f5 13. Ng6+ Kg8 14. Nxf8 Kxf8 15. Qh5 Ncxe5 16. Qh8+ Ke7 17. Bg5+ Nf6 18. Qxg7+ Ke8 19. Qh8+ Kd7 20. Qxd8+ Kxd8 21. Bxf6+ Be7 22. Bxe5 Bd7 23. Ne2 Rc8 24. Nd4 Bc5 25. c3 Ke7 26. f4 Rc6 27. Rf3 Rb6 28. b4 Bxd4+ 29. Bxd4 Rc6 30. Rh3 Ke8 31. Rh8+ Ke7 32. a4 Rc8 33. Rxc8 Bxc8 34. b5 axb5 35. axb5 Kd6 36. Ra8 Bd7 37. Rd8 Kc7 38. Bf6 b6 39. Kf2 Bc8 40. Rxc8+ Kxc8 41. Ke3 Kc7 42. Kd4 Kd6 43. Bd8 Kd7 44. Bxb6 Kc8 45. h4 Kd7 46. Bc5 Ke8 47. b6 Kd7 48. Bb5+ Kc8 49. Ba6+ Kd7 50. b7 Kc7 51. Ba7 Kd7 52. b8Q Ke7 53. Ke5 Kf7 54. Qh8 Ke7 55. Bb5 Kf7 56. h5 d4 57. Qe8+ Kg7 58. Bxd4 Kh7 59. Qf7+ Kh8 60. Kxe6# 1-0

[Event "Sao Paulo Hebraica op 26th"]
[Site "Sao Paulo"]
[Date "2019.01.13"]
[Round "5"]
[White "Albertini, Caetano"]
[Black "Parreira, Teodora Ribeiro"]
[Result "1/2-1/2"]
[WhiteElo "1549"]
[BlackElo "1593"]
[PlyCount "97"]
[EventDate "2019.01.11"]
[EventType "swiss"]
[EventRounds "6"]
[EventCountry "BRA"]
[SourceTitle "EXT 2020"]
[Source "ChessBase"]
[SourceDate "2019.10.17"]
[SourceVersion "1"]
[SourceVersionDate "2019.10.17"]
[SourceQuality "1"]

1. e4 c5 2. Nc3 e6 3. f4 d5 4. e5 Nc6 5. Nf3 Nge7 6. Bb5 Bd7 7. d3 a6 8. Bxc6 Bxc6 9. 0-0 Nf5 10. Qe1 Be7 11. Kh1 Qd7 12. Bd2 0-0-0 13. b3 f6 14. a4 Rhg8 15. a5 g5 16. exf6 Bxf6 17. Ne5 Bxe5 18. Qxe5 gxf4 19. Bxf4 Nd6 20. Na4 Bxa4 21. Rxa4 Kb8 22. Qc3 Qc6 23. d4 cxd4 24. Qxc6 bxc6 25. Rxd4 c5 26. Rd3 Kc7 27. Re1 Kd7 28. Bxd6 Kxd6 29. Rde3 Rde8 30. Kg1 Rgf8 31. Re5 Rf6 32. g3 Rb8 33. Rh5 h6 34. Kg2 Rb5 35. Ra1 e5 36. g4 e4 37. Rf1 Rg6 38. Kg3 Rxa5 39. Rff5 d4 40. Rd5+ Kc6 41. Rxd4 cxd4 42. Rxa5 d3 43. cxd3 exd3 44. Kf3 d2 45. Ke2 Rxg4 46. Rxa6+ Kb5 47. Rxh6 Rg2+ 48. Kd1 Kb4 49. Rh3 1/2-1/2

[Event "Sao Paulo Hebraica op 26th"]
[Site "Sao Paulo"]
[Date "2019.01.13"]
[Round "6"]
[White "Mascarenhas, Alfredo C Viana"]
[Black "Albertini, Caetano"]
[Result "1/2-1/2"]
[WhiteElo "1776"]
[BlackElo "1549"]
[PlyCount "80"]
[EventDate "2019.01.11"]
[EventType "swiss"]
[EventRounds "6"]
[EventCountry "BRA"]
[SourceTitle "EXT 2020"]
[Source "ChessBase"]
[SourceDate "2019.10.17"]
[SourceVersion "1"]
[SourceVersionDate "2019.10.17"]
[SourceQuality "1"]

1. d4 Nf6 2. c4 g6 3. f3 Bg7 4. e4 d6 5. Nc3 0-0 6. Be3 c6 7. Qd2 Qa5 8. h4 c5 9. d5 a6 10. Nh3 Bxh3 11. Rxh3 Nbd7 12. Be2 h5 13. g4 Ne5 14. gxh5 gxh5 15. Bh6 Kh7 16. Bxg7 Kxg7 17. Qg5+ Ng6 18. Rg3 Rh8 19. 0-0-0 Rag8 20. Rdg1 Kf8 21. Qf5 Qc7 22. f4 Qd7 23. Rg5 Qxf5 24. Rxf5 Nxh4 25. Rxg8+ Rxg8 26. Rg5 Rxg5 27. fxg5 Ng4 28. Bxg4 hxg4 29. Kd2 Kg7 30. Ke3 Ng6 31. b3 Ne5 32. Kf4 Kg6 33. Ne2 f6 34. gxf6 Kxf6 35. Nc3 Kg6 36. Nd1 Kf6 37. Nf2 a5 38. a4 b6 39. Nxg4+ Nxg4 40. Kxg4 Kg6 1/2-1/2

[Event "Sao Paulo Hebraica op 26th"]
[Site "Sao Paulo"]
[Date "2019.01.11"]
[Round "2"]
[White "Albertini, Caetano"]
[Black "Araujo, Renan Aparecido"]
[Result "1-0"]
[WhiteElo "1549"]
[BlackElo "1940"]
[PlyCount "69"]
[EventDate "2019.01.11"]
[EventType "swiss"]
[EventRounds "6"]
[EventCountry "BRA"]
[SourceTitle "EXT 2020"]
[Source "ChessBase"]
[SourceDate "2019.10.17"]
[SourceVersion "1"]
[SourceVersionDate "2019.10.17"]
[SourceQuality "1"]

1. e4 e5 2. Nf3 Qe7 3. Nc3 c6 4. d4 d6 5. Bg5 Nf6 6. Be2 h6 7. Be3 Qc7 8. h3 Be7 9. Qd2 Nbd7 10. 0-0 Nf8 11. Rad1 g5 12. Nh2 Ng6 13. Ng4 Nxg4 14. Bxg4 Bxg4 15. hxg4 h5 16. dxe5 Nxe5 17. Bxg5 0-0-0 18. Ne2 hxg4 19. Ng3 Rhg8 20. Bf4 Rg6 21. b3 Rdg8 22. Qe3 b6 23. Rd2 Bg5 24. Bxg5 Rxg5 25. Rfd1 R8g6 26. c4 Qd7 27. a4 Kc7 28. a5 c5 29. axb6+ axb6 30. Ra1 Kb7 31. Rda2 Nc6 32. Nf5 Rh5 33. Rd2 Rxf5 34. exf5 Qxf5 35. Qe8 1-0

[Event "Paulista-ch"]
[Site "Sao Paulo"]
[Date "2018.11.11"]
[Round "6"]
[White "Dias, Joao Batista de Sou"]
[Black "Albertini, Caetano"]
[Result "1-0"]
[WhiteElo "1891"]
[BlackElo "1544"]
[PlyCount "75"]
[EventDate "2018.11.09"]
[EventType "swiss"]
[EventRounds "6"]
[EventCountry "BRA"]
[SourceTitle "CBM 187 Extra"]
[Source "ChessBase"]
[SourceDate "2018.11.04"]
[SourceVersion "1"]
[SourceVersionDate "2018.11.04"]
[SourceQuality "1"]

1. e4 c5 2. f4 g6 3. Nf3 Bg7 4. c3 e6 5. d3 Ne7 6. Be2 0-0 7. 0-0 d5 8. e5 Nbc6 9. Na3 a6 10. Nc2 b6 11. Qe1 Bb7 12. d4 cxd4 13. Ncxd4 Nxd4 14. Nxd4 Nf5 15. Nxf5 gxf5 16. Be3 Rc8 17. Rd1 b5 18. Rf3 Qe7 19. a3 d4 20. Bxd4 Bxf3 21. Bxf3 Rfd8 22. Qf2 Qc7 23. g4 fxg4 24. Bxg4 Bf8 25. f5 Bc5 26. fxe6 Bxd4 27. cxd4 Rb8 28. Qf6 Rf8 29. Rf1 Rb7 30. Rf5 Qc1+ 31. Kg2 Qd2+ 32. Kh3 Qe3+ 33. Bf3 h6 34. e7 Rxe7 35. Qxe7 Qd3 36. Qf6 Qf1+ 37. Bg2 Qc1 38. Rf4 1-0

[Event "Paulista-ch"]
[Site "Sao Paulo"]
[Date "2018.11.09"]
[Round "1"]
[White "Albertini, Caetano"]
[Black "Luz, Arthur Nader"]
[Result "0-1"]
[WhiteElo "1544"]
[BlackElo "2159"]
[PlyCount "34"]
[EventDate "2018.11.09"]
[EventType "swiss"]
[EventRounds "6"]
[EventCountry "BRA"]
[SourceTitle "CBM 187 Extra"]
[Source "ChessBase"]
[SourceDate "2018.11.04"]
[SourceVersion "1"]
[SourceVersionDate "2018.11.04"]
[SourceQuality "1"]

1. e4 e6 2. Nf3 d5 3. Nc3 d4 4. Ne2 c5 5. c3 Nc6 6. cxd4 cxd4 7. Qa4 Bc5 8. b3 Bd7 9. Qc4 Qb6 10. d3 Nb4 11. a4 Rc8 12. Kd2 Qa5 13. Ba3 b5 14. axb5 Bxb5 15. Qc1 Nxd3+ 16. b4 Bxb4+ 17. Bxb4 Qxb4+ 0-1